| 000 | 00883nam a22002297a 4500 | ||
|---|---|---|---|
| 999 |
_c11340 _d11340 |
||
| 003 | AR-CdUCM | ||
| 008 | 190403b ||||| |||| 00| 0 spa d | ||
| 040 |
_aMUNICIPALIDAD PROVINCIAL DEL CUSCO _cBIBLIOTECA MUNICIPAL DEL CUSCO |
||
| 041 | _heng | ||
| 082 |
_a573 / _bES79 / 1947 |
||
| 100 |
_aWeidenreich, Franz _928658 |
||
| 245 | _aSimios, gigantes y hombres / | ||
| 260 |
_aBuenos Aires : _bPleamar, _c1947. |
||
| 300 |
_a148 páginas ; _bIlustraciones, mapas, dibujos, _c21 cm. |
||
| 440 |
_aBiblioteca conocimiento _928659 |
||
| 505 | _aContenido: El hombre y su antepasado simio -- El desarrollo de la forma específicamente humana -- Los gigantes, los primeros ascendientes ... | ||
| 650 |
_aGrupos étnicos _911662 |
||
| 650 |
_aAntropología física _920783 |
||
| 700 |
_aEfrón, Teodora y Gomez Paz, Julieta (traductor) _928660 |
||
| 942 |
_2ddc _cLIBROS |
||
| 945 | _acmm | ||